| 000 | 00612nam a22002057a 4500 | ||
|---|---|---|---|
| 003 | LK-CoDNM | ||
| 005 | 20241022152846.0 | ||
| 008 | 241022b |||||||| |||| 00| 0 eng d | ||
| 040 |
_aLK-CoDNM _dLK-CoDNM _eLK-CoDNM |
||
| 041 | _asin | ||
| 080 |
_aප්ර/ට _b19.A |
||
| 100 | _aඅමරා විජයරත්න | ||
| 245 | _a මහිලා | ||
| 260 |
_c1970 _a කොළඹ _b ලංකා මහිලා සමිතිය |
||
| 300 | _a36p. : 24 cm | ||
| 650 | _a ප්ර/ට19.A | ||
| 650 | _a මහිලා | ||
| 650 | _aඅමරා විජයරත්න | ||
| 942 | _cBK | ||
| 999 |
_c221157 _d221157 |
||